| 000 | 00715nam a22002297a 4500 | ||
|---|---|---|---|
| 008 | 131112b xxu||||| |||| 00| 0 eng d | ||
| 020 | _a011270820X | ||
| 024 | _cAvailable | ||
| 037 | _cAvailable | ||
| 040 |
_aMBSTU LIBRARY _dMBSTU LIBRARY |
||
| 082 |
_222 _a628.1 TOE |
||
| 100 | _aOffice Welsh | ||
| 245 | _aEnvironmental Responsibility:An agenda for further and higher education | ||
| 260 |
_aLondon _bHMSO Publication center _c1993 |
||
| 300 |
_a29.5 cm. _b125 page _f2 _g29.5 cm. |
||
| 600 | _2Water Supply | ||
| 700 | _aOffice Welsh | ||
| 270 |
_aLondon _bLondon _dUK |
||
| 365 |
_b556.00 _d556.00 |
||
| 942 |
_2ddc _cBK |
||
| 999 |
_c836 _d836 |
||